International Property Measurement Standards Offices (Record no. 115084)
[ view plain ]
| 000 -LEADER | |
|---|---|
| fixed length control field | 01028cam a22002535a 4500 |
| 001 - CONTROL NUMBER | |
| control field | L158028 |
| 008 - FIXED-LENGTH DATA ELEMENTS--GENERAL INFORMATION | |
| fixed length control field | 140115s2014 xxk f 000 0 eng d |
| 035 ## - SYSTEM CONTROL NUMBER | |
| System control number | (Sirsi) u158028 |
| 041 0# - LANGUAGE CODE | |
| Language code of text/sound track or separate title | eng |
| 110 2# - MAIN ENTRY--CORPORATE NAME | |
| Corporate name or jurisdiction name as entry element | International Property Measurement Standards Coaliton |
| 9 (RLIN) | 6145 |
| 240 ## - UNIFORM TITLE | |
| Uniform title | IPMS |
| 245 00 - TITLE STATEMENT | |
| Title | International Property Measurement Standards Offices |
| Remainder of title | Consultation |
| Medium | [electronic resource] |
| 260 ## - PUBLICATION, DISTRIBUTION, ETC. | |
| Place of publication, distribution, etc. | [S.l.] |
| Name of publisher, distributor, etc. | [s.n.] |
| Date of publication, distribution, etc. | [2014?] |
| 520 ## - SUMMARY, ETC. | |
| Summary, etc. | The International Property Measurement Standards Coalition (IPMSC) seeks comments and feedback on its proposals for International Property Measurement Standards (IPMS) for Offices. Consultation closes on 4 April 2014. |
| 590 ## - LOCAL NOTE (RLIN) | |
| Local note | KA |
| 650 24 - SUBJECT ADDED ENTRY--TOPICAL TERM | |
| Topical term or geographic name entry element | International Property Measurement Standards |
| 651 #4 - SUBJECT ADDED ENTRY--GEOGRAPHIC NAME | |
| Geographic name | International |
| 690 ## - LOCAL SUBJECT ADDED ENTRY--TOPICAL TERM (OCLC, RLIN) | |
| Topical term or geographic name as entry element | Measurement |
| 9 (RLIN) | 6256 |
| 700 1# - ADDED ENTRY--PERSONAL NAME | |
| Personal name | Creighton, Kenneth |
| 700 1# - ADDED ENTRY--PERSONAL NAME | |
| Personal name | Pirlot, Jean-Yves |
| 700 1# - ADDED ENTRY--PERSONAL NAME | |
| Personal name | Prats, Lisa |
| 856 40 - ELECTRONIC LOCATION AND ACCESS | |
| Uniform Resource Identifier | <a href="https://ipmsc.org/consultation/">https://ipmsc.org/consultation/</a> |
| Public note | View the item free of charge from the www.ipmsc.org website |
| 942 ## - ADDED ENTRY ELEMENTS (KOHA) | |
| Suppress in OPAC | 0 |
| Withdrawn status | Lost status | Source of classification or shelving scheme | Damaged status | Not for loan | Home library | Current library | Shelving location | Date acquired | Total Checkouts | Full call number | Barcode | Date last seen | Copy number | Price effective from | Koha item type |
|---|---|---|---|---|---|---|---|---|---|---|---|---|---|---|---|
| Dewey Decimal Classification | London | London | Online | 15/01/2014 | ONLINE CATALOUGE | 158028-1001 | 06/08/2019 | 1 | 06/08/2019 | Book |